000 00604nam a2200217 4500
003 OSt
005 20240628021638.0
006 a
008 240628b |||||||| |||| 00| 0 eng d
020 _a9789718171233
040 _aDWCL-Main lib.
_cOC
082 _aFil. 513 M427 2008
110 _aMadeleine S. Caras
245 _aMathematics of investment /
260 _aManila :
_bBooklore Pub. Corp. ,
_cc2008.
300 _b259 p. ;
_c26 cm.
504 _aIncludes bibliographical references.
650 _a1. Annuities.
650 _a2. Business mathematics.
942 _2ddc
_n0
_cBK - FIL
_kFil.
999 _c1552
_d1552